Polscy skoczkowie z podium w XXI wieku - Statystyki

Ogólne statystyki
  • Ten quiz został rozwiązany 61 razy
  • Średni wynik to 8 z 10
Statystyki odpowiedzi
ilość podium Odpowiedź % Poprawnych
ok.75-90 Adam Małysz
100%
80 Kamil Stoch
100%
38 Dawid Kubacki
98%
23 Piotr Żyła
96%
3 Maciej Kot
83%
2 Aleksander Zniszczoł
81%
1 Krzysztof Biegun
74%
1 Paweł Wąsek
74%
2 Jan Ziobro
72%
1 Andrzej Stękała
51%
Nie znaleziono quizów pasujących do podanych kryteriów
Rozkład punktacji
Procent ludzi z każdym wynikiem
Percentyl według liczby udzielonych odpowiedzi
Twoja historia wyników
Nie rozwiązałeś tego quizu